| 000 | 01097nas a2200325 4500 | ||
|---|---|---|---|
| 001 | BR8401526 | ||
| 003 | BR-BrBNA | ||
| 005 | 20231205085838.0 | ||
| 007 | ta | ||
| 008 | 230509b bl.|||p| |||| 00| 00por d | ||
| 040 |
_aBR-BrBNA _bpor _cBiblioteca Nacional de Agricultura |
||
| 041 | _a(Pt) | ||
| 072 | _aL40; L73 | ||
| 100 | 1 | _aMatos, M.S. | |
| 100 | 1 | _aSouza, R.M. de | |
| 100 | 1 | _aSantos, L.M.M. dos | |
| 100 | 1 | _aRibeiro, O.C. | |
| 100 | 1 | _aSantos, J.A.C. | |
| 100 | 1 | _aBorges, W.M. | |
| 111 | 1 |
_a3. Encontro de Pesquisa em Medicina Veterinaria _cSalvador, BA (Brazil) _d1981 |
|
| 245 | 1 | _aHemoglobina, volume globular e leucocitos em caprinos [sangue, leucograma] | |
| 246 | 1 | _aHaemoglobin, hematocrit and leukocytic picture in goats [blood, leukogram] | |
| 650 | _aCAPRINO | ||
| 650 | _aHEMOGLOBINA | ||
| 650 | _aSANGUE | ||
| 650 | _aLEUCOGRAMA | ||
| 773 | 0 |
_tArquivos da Escola de Medicina Veterinaria da Universidade Federal da Bahia (Brazil) _xISSN 0100-2597 _g(1982), v. 7(1) p. 82-90 _wBR8401526 |
|
| 909 |
_a202311 _bLúcia _c55 _dLúcia Elande |
||
| 942 |
_2AGRIS _n0 _cANA |
||
| 999 |
_c114239 _d114239 |
||